000 00934cam a22002418a 4500
005 20080916184717.0
008 080911s2008 ii 001 0 eng
010 _aENG-91950
020 _a9788184501391
_c1950.00
035 _aEN-75483
037 _bDBAD / PUB
040 _adpl
_bEnglish
082 _a613.071
100 _aGoel, S.L.
245 _aHealth education administration:
_cby S.L. Goel
_bfrom international level to village level /
260 _aNew Delhi
_bDeep & Deep Publications
_c2008
270 _aF-159, Rajouri Garden,
_bNew Delhi
_e110027
300 _axv, 372p.
_c24cm (Hb)
500 _aIncludes bibliographical references and index.
650 _aHealth education
942 _2ddc
_cEN
_mGOE
_h613.071
999 _c19363
_d19363